| 000 | 00850nam a22001935i 4500 | ||
|---|---|---|---|
| 001 | 156505 | ||
| 003 | ES-MaACL | ||
| 005 | 20251004063204.0 | ||
| 008 | 970226s1886 sp a |||| | spa d | ||
| 040 |
_aCLM _bspa _cCCPB | SIC |
||
| 100 | 1 |
_aJungfleisch, Émile, _d1839-1916 _9128399 |
|
| 245 | 1 | 0 |
_aManipulations de chimie _b: guide pour les travaux pratiques de chimie / _cpar Emile Jungfleisch. |
| 260 |
_aParís : _bLibraire J.B. Bailliére et fils, _c1886. |
||
| 300 |
_a1240 p. : _bil. ; _c26 cm. |
||
| 490 | 1 | _aBibliothéque de L' élève en Médecine, physique et chimie médicales . Histoire naturelle médicale | |
| 830 | 0 |
_aBibliothéque de L' élève en Médecine, physique et chimie médicales . Histoire naturelle médicale _9221679 |
|
| 852 |
_aES-MaACL _jB-4948 _z-- Enc. pasta española |
||
| 999 |
_c156505 _d156505 |
||